| 000 | 00000nam##2200000za#4500 |
| 001 | 9.615527 |
| 003 | CaOODSP |
| 005 | 20210615101147 |
| 007 | ta |
| 008 | 150406|2000||||xxc||||| f|0| 0 eng|d |
| 022 | |a0706-6457 |
| 040 | |aCaOODSP|beng |
| 043 | |an-cn--- |
| 086 | 1 |aFs97-6/2333E |
| 110 | 1 |aCanada. |bDepartment of Fisheries and Oceans. |
| 245 | 10|aConflicts between seals and fishing gear on Prince Edward Island / |cby David K. Cairns et al. |
| 260 | |aOttawa - Ontario : |bFisheries and Oceans Canada |c2000. |
| 300 | |av, 39p. : |bfigs., graphs, references, tables ; |c28 cm. |
| 490 | 1 |aCanadian technical report of fisheries and aquatic sciences|x0706-6457|v2333 |
| 500 | |aPrepared at the Department of Fisheries and Oceans, Box 1236, Charlottetown, Prince Edward Island, C1A 7M8, cairnsd@dfo-mpo.gc.ca "The paper investigates the nature, frequency and economic cost of seal interactions with fishing gear on PEI. The primary information source is a survey of randomly-selected fishers, supplemented by personal interviews and site visits."--Introduction. |
| 520 | 3 |aThe paper investigates the nature, frequency and economic cost of seal interactions with fishing gear on PEI. The primary information source is a survey of randomly-selected fishers, supplemented by personal interviews and site visits.--Introduction |
| 546 | |aRésumé en français |
| 563 | |aSoftcover |
| 590 | |a01-10|b2001-03-09 |
| 690 | 07|aSeals|2gcpds |
| 690 | 07|aFisheries technology|2gcpds |
| 690 | 07|aMarine equipment|2gcpds |
| 720 | 1 |aCairns, David |
| 776 | 0#|tConflicts between seals and fishing gear on Prince Edward Island / |w(CaOODSP)9.574033 |
| 830 | #0|aCanadian technical report of fisheries and aquatic sciences,|x0706-6457|v2333|w(CaOODSP)9.514691 |